MDQL
is popping MORE tags! Check the
thread
!
Quizzes
Events
Quiz Creation
Community
Videos
Private Events
Remove Ads
Sign In
Join for FREE
Feedback
Dark Mode
Quiz Categories
Sports
Geography
Music
Movies
Television
Just For Fun
Miscellaneous
History
Literature
Language
Science
Gaming
Entertainment
Religion
Holiday
For Kids
Quiz Lab
Recent
Popular Today
Quiz Kudos Today
Editor Picks
Curator Picks
Quizzes by...
Day
Popularity
Type
Ratings
Length
Year
Community
Subscriptions
Recent Discussions
Orange Saloon
Badges
Playlists
Quests
Create
Leaderboards
Showdown
Live 5
Trivia Bingo
Activity
Puzzle Library
Sporcle Events
Private Events
Virtual Trivia
Globe League
Become a Host
Pub Owners
SporcleCon
Opinionation
Our Games
Videos
Blog
Mobile Apps
Partnerships
Remove Ads and Go Orange
Feedback
Geography
Country
Landmarks
City
State
Population
World
Capital
Continent
Flags
Europe
Africa
Asia
South America
North America
Oceania
Border
Canada
United Kingdom
Topography
United States
Geography
Country
Landmarks
City
State
Population
World
Capital
Continent
Flags
Europe
Africa
Asia
South America
North America
Oceania
Border
Canada
United Kingdom
Topography
United States
Random Quiz
Search Sporcle
×
Quiz Lab
Quiz Lab
Geography
Letter
Type in answers that appear in a list
Type in answers that appear in a list
Classic
Best Score? Go Orange.
Denver suburbs by letter Stats
Can you name the largest denver suburbs within the C-470/E-470 loop (plus a few just south of C-470)?
By
soccerswiers
4m
20 Questions
223 Plays
223 Plays
223 Plays
Comments
Comments
Give Quiz Kudos
Give Quiz Kudos
-
- Ratings
hide this ad
Replay
Link that replays current quiz
Next Quiz
Link to next quiz in quiz playlist
You Got
0%
They Got
Avg Score
53%
Avg Friend Score
Upgrade to see
Score Distribution
Jump to the score distribution portion of the page
Score
0/20
Timer
04:00
0
Plays Today
Letter
% Correct
A
Aurora
96%
A
Arvada
82.1%
L
Littleton
78%
L
Lakewood
75.8%
W
Westminster
72.6%
E
Englewood
67.7%
C
Centennial
67.3%
B
Broomfield
62.8%
G
Golden
60.1%
T
Thornton
59.2%
Letter
% Correct
H
Highlands Ranch
53.8%
C
Commerce City
53.4%
P
Parker
48.4%
W
Wheat Ridge
44.4%
N
Northglenn
41.3%
G
Glendale
31.8%
L
Lone Tree
26.5%
C
Columbine
22.4%
K
Ken Caryl
22.4%
W
Welby
8.5%
Quiz Playlist
Details
Report
Send in Message
Add To Playlist
Classic:
Type in answers that appear in a list
Last Updated: Feb 16, 2017
Quiz Scoreboard
CHALLENGE
Sign Up to Join the Scoreboard
Show All
Scores
Hide
Comments
May contain spoilers
Recently Published
1-10 Letter E Words III
by El_Dandy
Language
2m
Street Fighter Characters
by Artimus82
Gaming
60s
College Basketball Coaching Resumes
by pancakes188
Sports
9m
More to Explore
Quiz From the Vault
Featured Blog Post
Where Did the Easter Bunny Come From?
hide this ad
You Might Also Like...
Tags
Letter Quiz
Denver
Few
largest
loop
plu
south
suburb
Today's Top Quizzes in Geography
Browse Geography
hide this ad
Today's Top Quizzes in Letter
Browse Letter
Top Contributed Quizzes in Geography
1
Countries of the World - No Outlines Minefield
2
Top 25 Cities of France on a map
3
Any capital of a 'B' country per Continent
4
Any capital of a 'C' country per Continent
5
Closest Countries to UK A-Z
6
Any capital of a 'D' country per Continent
7
5-to-1: US Geography No Hints
8
Any capital of an 'E' country per Continent
9
Find the US States - No Outlines
10
Any capital of an 'F' country per Continent
Explore More
Trending Topics
NBA
Disney
Harry Potter
Kpop
Anime
Marvel
Crossword
The Office
Song
NFL
Country
Soccer
WWE
Puzzle
Pokémon
hide this ad
More By:
soccerswiers
Quiz
Plays
Rating
Category
Featured
Created
Actors Claim to fame: '90's
339
2.00
Movies
Jan 7, 2012
Types of flowers by letter
313
1.57
Science
Jan 10, 2010
Actors Claim to fame: '80's
288
1.14
Movies
Jan 7, 2012
What city is it in: movies
261
1.50
Movies
Jan 13, 2012
Denver suburbs by letter
223
2.00
Geography
Jan 15, 2010
Go to Creator's Profile
Score Distribution
Quiz Creator Spotlight
soccerswiers
Follow
Send a Message
Quizzes Created
-
Created Quiz Play Count
-
More By This Creator
Popular Quizzes Today
1
Find the US States - No Outlines Minefield
2
Find the Countries of Europe - No Outlines Minefield
3
The Countries of the World
4
Find the US States
5
Risky Map Clicking: Biggest States A-Z
6
US States
7
Popular People in 1961
8
Movies - When Are They Set?
More Geography Quizzes
Out of Africa
Published
Trending Quizzes
Risky Map Clicking: Least Populous States A-Z
Billboard Blitz: Aretha Franklin
Famous Russians: Author or Composer?
Countries of the World: 200 Million BC
1-10 Letter G Words
Recently Updated
Leaping Animals
pecheneg
Reality TV Shows (A-Z)
bhenderson79
Rickey Henderson's Hall of Fame Teammates
pecheneg
Champions League XIs: Arsenal
pecheneg
Quick Pick: Celebrities in WWE's Hall of Fame
aduchscher
A-Z Keypad Blitz II
pecheneg
Multiple Oscar Actors
pecheneg
Mystery Phrase Blitz: Oscar 'Best Actors'
pecheneg
F. Scott Fitzgerald Novels
LTH
Pick 3 Villains
ddd62291
Trending Topics
Anime
Kpop
Disney
Harry Potter
Marvel
NBA
Crossword
WWE
Pokémon
The Office
NFL
Song
Puzzle
Country
Soccer
Your Account Isn't Verified!
In order to create a playlist on Sporcle, you need to verify the email address you used during registration. Go to your
Sporcle Settings
to finish the process.
Report this User
Report this user for behavior that violates our
Community Guidelines
.
Details:
Send Report
Go to the Sporcle.com Mobile Site →
Comments